| 000 | 00433nam a2200181Ia 4500 | ||
|---|---|---|---|
| 008 | 230524s9999 xx 000 0 und d | ||
| 020 | _a9789350142707 | ||
| 082 | _bDAS | ||
| 100 |
_aR.P.Das _942051 |
||
| 245 | 0 | _aNeural Networks and Fuzzy Logic | |
| 250 | _a1 | ||
| 260 |
_aNew Delhi _bKatson _c2012 |
||
| 300 | _a241p: | ||
| 500 | _aQuantity Number: 1 | ||
| 650 | _aComp-Sc | ||
| 700 |
_a L. Sreedhar _942052 |
||
| 942 | _cBK | ||
| 999 |
_c56466 _d56466 |
||